Detalles MARC
| 000 -LIDER |
| fixed length control field |
00612nam a2200181 a 4500 |
| 001 - NÚMERO DE CONTROL |
| Identificador de número de control |
000026933 |
| 003 - IDENTIFICACDOR DE NÚMERO DE CONTROL |
| control field |
DO-SdBNP |
| 005 - DATE AND TIME OF LATEST TRANSACTION |
| control field |
20180130105112.0 |
| 008 - ELEMENTOS DE LONGITUD FIJA |
| fixed length control field |
180130b xxu||||| |||| 00| 0 spa d |
| 020 ## - ISBN |
| International Standard Book Number |
21212222121121 |
| 040 ## - FUENTE DE CATALOGACIÓN |
| Agencia que crea de manera original el registro |
BPMSU |
| Idioma de catalogación |
spa |
| Agencia que realiza la transcripción |
BPMSU |
| 245 10 - MENCIÓN DE TITULO |
| Título |
Manual de conducción y educación vial de la República Dominicana / |
| 260 ## - PUBLICACIÓN, DISTRIBUCIÓN, ETC. (PIE DE IMPRENTA) |
| Lugar de publicación, distribución, etc |
Santo Domingo : |
| Nombre del editor, distribuidor, etc. |
Dirección General de Transito Terrestre : |
| -- |
Automóvil Club Dominicano, |
| Fecha de publicación, distribución, etc |
2011 |
| 930 #1 - EQUIVALENCE OR CROSS-REFERENCE-UNIFORM TITLE HEADING [LOCAL, CANADA] |
| Language of a work |
BND01 |
| Medium of performance for music |
LF1 |
| Field link and sequence number |
20110328 |
| Date of a work |
01 |
| Name of part/section of a work |
CT |
| Miscellaneous information |
18481 |
| 930 #1 - EQUIVALENCE OR CROSS-REFERENCE-UNIFORM TITLE HEADING [LOCAL, CANADA] |
| Language of a work |
BND01 |
| Medium of performance for music |
LF1 |
| Field link and sequence number |
20110328 |
| Date of a work |
01 |
| Name of part/section of a work |
CT |
| Miscellaneous information |
18481 |
| Medium |
e.2 |
| 942 ## - ADDED ENTRY ELEMENTS (KOHA) |
| Source of classification or shelving scheme |
Dewey Decimal Classification |
| Koha item type |
Libros |
| 945 ## - INFORMACIÓN DE PROCESAMIENTO LOCAL |
| Información de procesamiento local |
Inventariado, 2018/MFF |